Heart of gold /

Saved in:
Bibliographic Details
Main Author: Sneller, Jean
Format: Book
Language:English
Published: London : Hale, 1969.
LEADER 00694nam a22002057a 4500
001 c000114601
003 CARM
005 19991214135452.0
008 990527s1969 enk 000 1 eng d
019 1 |a 20086521  |5 LACONCORD2021 
020 |a 0709108168 
035 |a (OCoLC)30270865  |5 LACONCORD2021 
040 |a VCAV  |b eng  |c VCAV 
100 1 |a Sneller, Jean. 
245 1 0 |a Heart of gold /  |c by Jean Sneller. 
260 |a London :  |b Hale,  |c 1969. 
300 |a 192 p. 
852 8 |b CARM  |h A2:AJ37G0  |i A02524  |p 0161135  |f BK 
999 f f |i b6b883c5-5a2f-5b66-916e-071bfcd66787  |s ea2ac4a9-0b2d-588e-9aec-44398763fb3f 
952 f f |p Can circulate  |a CAVAL  |b CAVAL  |c CAVAL  |d CARM 1 Store  |e A02524  |f A2:AJ37G0  |h Other scheme  |i book  |m 0161135